| 000 | 02023cam a2200337 a 4500 | ||
|---|---|---|---|
| 001 | 13460463 | ||
| 005 | 20131111105555.0 | ||
| 007 | ta | ||
| 008 | 040116s2003 enka rb 001 0 eng | ||
| 010 | _a 2004270035 | ||
| 020 | _a0198509286 | ||
| 020 | _a9780198509288 | ||
| 082 | 0 | 4 |
_a617.67 _222 _bPIC |
| 245 | 0 | 0 |
_aPickard's manual of operative dentistry / _cEdwina A.M. Kidd...[et al.]. |
| 246 | 3 | 0 | _aManual of operative dentistry |
| 250 | _a8th ed. | ||
| 260 |
_aOxford ; _aNew York : _bOxford University Press, _c2003. |
||
| 300 |
_axiii, 209 p. : _bill. (some col.) ; _c28 cm. |
||
| 490 |
_921270 _aOxford Medical Publications |
||
| 504 | _aIncludes bibliographical references and index. | ||
| 505 | _aPART I - DISEASES, DISORDERS, DIAGNOSES, DECISIONS, AND DESIGN; 1. Why restore teeth?; 2. Making clinical decisions; 3. Principles of cavity design and preparation; PART II - TREATMENT TECHNIQUES; 4. The operator and the environment; 5. Instruments and handpieces; 6. Bonding to tooth structure; 7. Treatment of pit and fissure caries; 8. Treatment of approximal caries in posterior teeth; 9. Treatment of smooth surface caries, erosion - abrasion lesions, and enamel hypolasia; 10. Treatment of approximal caries, trauma, developmental disorders and discoloration in anterior teeth; 11. Indirect cast metal, porcelain and composite intracoronal restorations; PART III - MONITORING AND MAINTENANCE; 12. The long-term management of patients with restored dentitions | ||
| 650 | 0 |
_aDentistry, Operative. _934408 |
|
| 650 | 2 |
_aDentistry, Operative. _934409 |
|
| 653 |
_bDent _cNovember2013 |
||
| 655 |
_vreading book _934232 |
||
| 700 | 1 |
_aKidd, Edwina A. M. _932424 |
|
| 856 | 4 | 2 |
_3Publisher description _uhttp://www.loc.gov/catdir/enhancements/fy0620/2004270035-d.html |
| 856 | 4 | 1 |
_3Table of contents only _uhttp://www.loc.gov/catdir/enhancements/fy0620/2004270035-t.html |
| 856 | 4 | 2 |
_3Contributor biographical information _uhttp://www.loc.gov/catdir/enhancements/fy0725/2004270035-b.html |
| 942 |
_2ddc _cDN |
||
| 999 |
_c17743 _d17715 |
||